| 000 | 01166cam a22003131i 4500 | ||
|---|---|---|---|
| 001 | 17831107 | ||
| 003 | EG-ScBUE | ||
| 005 | 20250515082909.0 | ||
| 008 | 130730t2014 riua f b 001 0 eng d | ||
| 020 | _a9780821891384 | ||
| 040 |
_aEG-ScBUE _beng _erda _cEG-ScBUE _dEG-ScBUE |
||
| 082 | 0 | 4 |
_222 _a531 _bLEV |
| 100 | 1 |
_aLevi, Mark, _d1951- _eauthor. |
|
| 245 | 1 | 0 |
_aClassical mechanics with calculus of variations, and optimal control : _ban intuitive introduction / _cMark Levi. |
| 264 | 1 |
_aProvidence, Rhode Island : _bAmerican Mathematical Society : _bMathematics Advanced Study Semesters, _c[2014] |
|
| 264 | 4 | _cc2014 | |
| 300 |
_axx, 299 pages : _billustrations ; _c22 cm. |
||
| 336 |
_2rdacontent _atext _btxt |
||
| 337 |
_aunmediated _2rdamedia _bn |
||
| 338 |
_avolume _bnc _2rdacarrier |
||
| 490 | 0 |
_aStudent mathematical library ; _vvolume 69 |
|
| 504 | _aIncludes bibliographical references and index. | ||
| 650 | 7 |
_aMechanics _vTextbooks. _2BUEsh |
|
| 650 | 7 |
_aHamiltonian systems _vTextbooks. _2BUEsh |
|
| 650 | 7 |
_aCalculus of variations _vTextbooks. _2BUEsh |
|
| 650 | 7 |
_aControl theory _vTextbooks. _2BUEsh |
|
| 655 | _vReading book | ||
| 942 |
_2ddc _cBB |
||
| 999 |
_c24563 _d24535 |
||